000 00938nas a2200325 4500
001 BR0503871
003 BR-BrBNA
005 20231205105528.0
007 ta
008 230509b bl.|||p| |||| 00| 00por d
040 _aBR-BrBNA
_bpor
_cBiblioteca Nacional de Agricultura
041 _a(Pt)
072 _aP34
100 1 _aXavier, D.F.
100 1 _aGomes, F.T.
100 1 _aLédo, F.J. da S.
100 1 _aPereira, A.V.
100 1 _aPereira, A.V.
245 1 _aEficiência de inoculantes de rizóbio na nodulação de alfafa em solo de cerrado
650 _aMEDICAGO SATIVA
650 _aALFAFA
650 _aNODULAÇÃO
650 _aNITROGÊNIO
650 _aRHIZOBIUM
650 _aINOCULAÇÃO
650 _aCERRADO
773 0 _tRevista Brasileira de Zootecnia (Brazil)
_xISSN 1516-3598
_g(May-Jun 2005), v. 34(3) p. 781-785
_wBR0503871
909 _a202311
_bLúcia
_c55
_dLúcia Elande
942 _2AGRIS
_n0
_cANA
999 _c183416
_d183416